Ecología de los Páramos andinos (Registro nro. 19778)
[ vista simple ]
| 000 -CABECERA | |
|---|---|
| Campo de control | 00990nam a22002897a 4500 |
| 005 - FECHA Y HORA DE LA ULTIMA TRANSACCION | |
| Campo de control | 20170828160915.0 |
| 008 - ELEMENTOS DE LONGITUD FIJA—INFORMACION GENERAL | |
| Campo de control | 170828b1985 ck ||||| |||| 00| 0 spa d |
| 040 ## - FUENTE DE CATALOGACIÓN | |
| Agencia catalogadora original | CO-BoIAVH |
| Agencia transcriptora | CO-BoIAVH |
| 041 ## - IDIOMA | |
| Código de idioma para texto/pista de sonido o título separado | Español |
| 044 ## - PAÍS DE PUBLICACIÓN | |
| País de publicación | Colombia |
| 082 ## - NUMERO DE CLASIFICACION DECIMAL DEWEY | |
| Número de clasificación | 551.48 |
| Número del ítem | S93e |
| 100 ## - ASIENTO PRINCIPAL--NOMBRE PERSONAL | |
| Nombre personal | Sturm Helmut |
| 9 (RLIN) | 22334 |
| 245 10 - MENCION DE TITULO | |
| Título | Ecología de los Páramos andinos |
| Parte restante del título | una visión integrada |
| 260 ## - PUBLICACION, DISTRIBUCION, ETC. (PIE DE IMPRENTA) | |
| Lugar de publicación, distribución, etc. | Bogotá: |
| Nombre del editor, distribuidor, etc. | Universidad Nacional de Colombia, |
| Fecha de publicación, distribución, etc. | 1985. |
| 300 ## - DESCRIPCION FISICA | |
| Extensión | 292. páginas |
| Dimensiones | 24 x 16 cm |
| 490 ## - MENCION DE SERIE | |
| Mención de serie | Serie Biblioteca Jose Jeronimo triana, Instituto de Ciencias Naturales, Universidad Nacional de Colombia |
| Designación numérica/secuencial del volumen | 9 |
| 650 14 - ASIENTO SECUNDARIO DE MATERIA - TERMINO TEMATICO | |
| Término temático o nombre geográfico como elemento de entrada | Páramos andinos |
| Subdivisión de forma | Aspectos climáticos |
| 9 (RLIN) | 83591 |
| 650 14 - ASIENTO SECUNDARIO DE MATERIA - TERMINO TEMATICO | |
| Término temático o nombre geográfico como elemento de entrada | Páramos |
| Subdivisión de forma | Precipitación |
| 9 (RLIN) | 83592 |
| 650 14 - ASIENTO SECUNDARIO DE MATERIA - TERMINO TEMATICO | |
| Término temático o nombre geográfico como elemento de entrada | Páramos |
| Subdivisión de forma | Ecológia |
| 9 (RLIN) | 83593 |
| 650 14 - ASIENTO SECUNDARIO DE MATERIA - TERMINO TEMATICO | |
| Término temático o nombre geográfico como elemento de entrada | Macro clima |
| 9 (RLIN) | 83594 |
| 650 14 - ASIENTO SECUNDARIO DE MATERIA - TERMINO TEMATICO | |
| Término temático o nombre geográfico como elemento de entrada | Mesoclima |
| 9 (RLIN) | 83595 |
| 650 14 - ASIENTO SECUNDARIO DE MATERIA - TERMINO TEMATICO | |
| Término temático o nombre geográfico como elemento de entrada | Temperatura |
| 9 (RLIN) | 11670 |
| 650 14 - ASIENTO SECUNDARIO DE MATERIA - TERMINO TEMATICO | |
| Término temático o nombre geográfico como elemento de entrada | Suelos de páramo |
| 9 (RLIN) | 83596 |
| 650 14 - ASIENTO SECUNDARIO DE MATERIA - TERMINO TEMATICO | |
| Término temático o nombre geográfico como elemento de entrada | Suelos de Bosque |
| 9 (RLIN) | 83597 |
| 700 ## - ASIENTO SECUNDARIO - NOMBRE PERSONAL | |
| Nombre personal | Rangel, Orlando |
| 9 (RLIN) | 19883 |
| 942 ## - ELEMENTOS ADICIONALES (KOHA) | |
| Sistema de clasificación | Dewey Decimal Classification |
| Tipo de ítem | Libro |
| Withdrawn status | Lost status | Sistema de Clasificación | Damaged status | No para préstamo | Colección | Inventariado | Ubicación Permanente | Ubicación actual | Fecha de adquisición | Fuente de Valor | Total Checkouts | Número topográfico | Inventario / Código de Barras | Date last seen | Ejemplar | Price effective from | Forma de adquisición | Tipo de material |
|---|---|---|---|---|---|---|---|---|---|---|---|---|---|---|---|---|---|---|
| Dewey Decimal Classification | General | Inventariado 2017 | Bogotá | Bogotá | 28/08/2017 | Amazon | LB-551.48 S93e | 005917 | 28/08/2017 | Ej. 1 | 28/08/2017 | Donación | Libro |